000 00738nam a2200193 a 4500
001 000039202
005 20201002031537.0
008 130611s1975 sp 000 0 spa d
020 _a8400041097
040 _aDO-SdBNP
_bspa
_cBNPHU
100 1 _aFernández Marcos, Natalio
_915285
245 1 4 _aLos Thaumata de Sofronio :
_bcontribución al estudio de la incubatio cristiana /
_cNatalio Fernández Marcos.
260 _aMadrid :
_bConsejo Superior de Investigaciones Científicas
_bInstituto Antonio Nebrija,
_c1975.
300 _a409 p. ;
_c26 cm.
490 1 _aManuales y Añejos de Emerita
_v31
504 _aBibliografía : p. 15-21
586 _aPremio "Antonio de Nebrija" 1970
830 0 _aManuales y Añejos de Emerita
_v31
_963832
999 _c38692
_d38692